000 00651nam a22002177a 4500
003 UA-OsUOA
001 125122
007 ta
008 20170906b un ||||| |||| 00| 0 ukr d
090 _a821.161.2
_bУ45
942 _cBK
040 _aUA-OsUOA
_bukr
_cUA-OsUOA
_dUA-OsUOA
245 _aУкраїнські думи та історичні пісні
_cупоряд. М. Плісецького, ред. М. Рильського
300 _a184 с.
955 _a3
041 _aukr
080 _a821.161.2
260 _aК.
_bУДВ
_c1944
650 7 _a82 Література. Літературознавство
_2UDC
999 _c412346
_d412346